Central Library OPAC University of Rajshahi

Advanced algebra / (Record no. 6810)

MARC details
000 -LEADER
fixed length control field 00754cam a22002531 4500
001 - CONTROL NUMBER
control field 6810
003 - CONTROL NUMBER IDENTIFIER
rucl marc code BD-RjUL
005 - DATE AND TIME OF LATEST TRANSACTION
control field 20211208234322.0
008 - FIXED-LENGTH DATA ELEMENTS--GENERAL INFORMATION
fixed length control field 140112r19611937enk 000 0 eng
035 ## - SYSTEM CONTROL NUMBER
System control number (BD-RjUL)6852
System control number (OCoLC)17527630
040 ## - CATALOGING SOURCE
Original cataloging agency DLC
Transcribing agency NcDaD
Modifying agency BD-RjUL
Language of cataloging eng
041 ## - LANGUAGE CODE
Language code of text/sound track or separate title eng
082 ## - DEWEY DECIMAL CLASSIFICATION NUMBER
Classification number 512
Author mark and year DUA 1958-1961
Edition number 23
100 1# - MAIN ENTRY--PERSONAL NAME
Personal name Durell, Clement V.
Fuller form of name (Clement Vavasor),
Dates associated with a name 1882-
9 (RLIN) 21399
245 10 - TITLE STATEMENT
Title Advanced algebra /
Statement of responsibility, etc. by Clement V. Durell and A. Robson
260 ## - PUBLICATION, DISTRIBUTION, ETC. (IMPRINT)
Place of publication, distribution, etc. London :
Name of publisher, distributor, etc. G. Bell and Sons, Ltd.,
Date of publication, distribution, etc. c1932 [reprint 1958, 1961].
300 ## - PHYSICAL DESCRIPTION
Pagination v. ;
Size 20 cm.
505 0# - FORMATTED CONTENTS NOTE
Formatted contents note Vol. 1-- V. 2-- V. 3--
650 #0 - SUBJECT ADDED ENTRY--TOPICAL TERM
Topical term or geographic name as entry element Algebra.
9 (RLIN) 21400
700 ## - ADDED ENTRY--PERSONAL NAME
Personal name Robson, A. , jt. auth.
942 ## - ADDED ENTRY ELEMENTS (KOHA)
Source of classification or shelving scheme Dewey Decimal Classification
Koha item type Books
Holdings
Lost status Source of classification or shelving scheme Damaged status Not for loan Collection code Permanent Location Current Location Shelving location Date acquired Source of acquisition Cost, normal purchase price Total Checkouts Full call number Date last seen Copy number Koha item type
  Dewey Decimal Classification     Non-fiction Central Library, University of Rajshahi Central Library, University of Rajshahi   25/01/2063 Zeitlinger 9.60   512 DUA V-3 1961 12/01/2014 C-6 Books
  Dewey Decimal Classification     Non-fiction Central Library, University of Rajshahi Central Library, University of Rajshahi   25/01/2063 Zeitlinger 7.60   512 DUA V-1 1961 27/08/2016 C-2 Books
  Dewey Decimal Classification     Non-fiction Central Library, University of Rajshahi Central Library, University of Rajshahi   25/01/2063 Zeitlinger 7.60   512 DUA V-1 1961 27/08/2016 C-3 Books
  Dewey Decimal Classification     Non-fiction Central Library, University of Rajshahi Central Library, University of Rajshahi   25/01/2068 Zeitlinger 9.00   512 DUA V-2 1958 27/08/2016 C-2 Books
  Dewey Decimal Classification     Non-fiction Central Library, University of Rajshahi Central Library, University of Rajshahi   25/01/2068 Zeitlinger 9.00   512 DUA V-2 1958 27/08/2016 C-3 Books
  Dewey Decimal Classification     Non-fiction Central Library, University of Rajshahi Central Library, University of Rajshahi   25/01/1963 Zeitlinger 9.00   512 DUA 1958 07/11/2016 C-4 Books
  Dewey Decimal Classification   Not For Loan Non-fiction Central Library, University of Rajshahi Central Library, University of Rajshahi Reading Room 30/05/1961 U.K. Govt Colombo Plan     512 DUA V-3 1959 12/08/2021 C-1 Books